Proceedings of SAARC workshop on postharvest technology : (Record no. 5559)

MARC details
000 -LEADER
fixed length control field 00874nam a22002297a 4500
001 - CONTROL NUMBER
control field BD-DhSAU 5559
003 - CONTROL NUMBER IDENTIFIER
control field BD-DhSAU
005 - DATE AND TIME OF LATEST TRANSACTION
control field 20150703110405.0
008 - FIXED-LENGTH DATA ELEMENTS--GENERAL INFORMATION
fixed length control field 150416b2003 bg a|||| |||| 00| 0 eng d
020 ## - INTERNATIONAL STANDARD BOOK NUMBER
International Standard Book Number 9843210239
040 ## - CATALOGING SOURCE
Original cataloging agency BD-DhSAU
082 ## - DEWEY DECIMAL CLASSIFICATION NUMBER
Edition number 22
Classification number 635.040202
Item number PRO
110 ## - MAIN ENTRY--CORPORATE NAME
Corporate name or jurisdiction name as entry element Dept. of Food Technology and Quality Control, Nepal
245 ## - TITLE STATEMENT
Title Proceedings of SAARC workshop on postharvest technology :
Remainder of title 24-25 September 2002 Kathmandu, Nepal /
Statement of responsibility, etc. Department of Food Technology and Quality Control, Nepal, and SAARC Secretariat, Kathmandu, Nepal
260 ## - PUBLICATION, DISTRIBUTION, ETC. (IMPRINT)
Place of publication, distribution, etc. Bangladesh :
Name of publisher, distributor, etc. SAARC Agricultural Information Centre (SAIC),
Date of publication, distribution, etc. 2003.
300 ## - PHYSICAL DESCRIPTION
Extent v, 140 p. :
Other physical details ill. ;
Dimensions 21 cm.
504 ## - BIBLIOGRAPHY, ETC. NOTE
Bibliography, etc Includes bibliographical references.
590 ## - Name of Cataloguer
Name of Cataloger Jerin
650 ## - SUBJECT ADDED ENTRY--TOPICAL TERM
Topical term or geographic name as entry element Postharvest Technology.
710 ## - ADDED ENTRY--CORPORATE NAME
Corporate name or jurisdiction name as entry element SAARC Secretariat, Kathmandu, Nepal
942 ## - ADDED ENTRY ELEMENTS (KOHA)
Source of classification or shelving scheme Dewey Decimal Classification
Koha item type Book
Holdings
Withdrawn status Lost status Source of classification or shelving scheme Damaged status Not for loan Collection code Home library Branch Name Shelving location Date acquired Total Checkouts Full call number Barcode Date last seen Price effective from Koha item type
    Dewey Decimal Classification   Not For Loan Reference SAU Library SAU Library Reference 25/05/2004   635.040202 PRO 31001 16/04/2015 16/04/2015 Book